Contribution à une révision du trias français. (Record no. 29675)

MARC details
000 -LEADER
fixed length control field 00740cam a22002411 4500
001 - CONTROL NUMBER
control field gs 63000070
003 - CONTROL NUMBER IDENTIFIER
control field DLC
005 - DATE AND TIME OF LATEST TRANSACTION
control field 20260227111412.0
008 - FIXED-LENGTH DATA ELEMENTS--GENERAL INFORMATION
fixed length control field 890601s1962 fr abf 000 0 fre
010 ## - LIBRARY OF CONGRESS CONTROL NUMBER
LC control number gs 63000070
035 ## - SYSTEM CONTROL NUMBER
System control number (OCoLC)23424325
040 ## - CATALOGING SOURCE
Original cataloging agency DLC
Transcribing agency MiU
Modifying agency DLC
042 ## - AUTHENTICATION CODE
Authentication code premarc
043 ## - GEOGRAPHIC AREA CODE
Geographic area code e-fr---
050 00 - LIBRARY OF CONGRESS CALL NUMBER
Classification number QE676
Item number .R5
100 1# - MAIN ENTRY--PERSONAL NAME
Personal name Ricour, Jean.
245 10 - TITLE STATEMENT
Title Contribution à une révision du trias français.
260 ## - PUBLICATION, DISTRIBUTION, ETC.
Place of publication, distribution, etc. Paris,
Name of publisher, distributor, etc. Impr. nationale,
Date of publication, distribution, etc. 1962.
300 ## - PHYSICAL DESCRIPTION
Extent 471 p.
Other physical details 24 plates, maps, diagrs., tables.
Dimensions 32 cm.
650 #0 - SUBJECT ADDED ENTRY--TOPICAL TERM
Topical term or geographic name entry element Geology, Stratigraphic
Chronological subdivision Triassic
650 #0 - SUBJECT ADDED ENTRY--TOPICAL TERM
Topical term or geographic name entry element Geology
Geographic subdivision France
830 #0 - SERIES ADDED ENTRY--UNIFORM TITLE
Uniform title Mémoires pour servir à l'explication de la carte géologique détaillée de la France.

No items available.

Powered by Koha